00584nam a2200193Ia 4500008004100000020001500041082001600056100002300072245003400095250000700129260002700136300002800163500000700191600002000198650002000218942000700238952013000245999001500375240925s9999 xx 000 0 und d a9698296182 a378.155 IBR aIbrahim , imran 0aEducational Guide of Pakistan aNA aLahore:bkitabc,2003. axiv,927p.bNAfOriginal aNA aSocial Sciences aSocial Sciences cBK 001040708SSaUITUbUITUd2003-10-14eThomas and Thomasg750.00l0o378.155 IBRpQ5309r2024-09-25 07:13:48w2024-09-25yBK c7808d7808